Rozpoznaj miasto po tablicy rejestracyjnej kujawsko-pomorski - Statystyki

Ogólne statystyki
  • Ten quiz został rozwiązany 456 razy
  • Średni wynik to 15 z 23
Statystyki odpowiedzi
Rejestracja Miasto / powiat Odpowiedź % Poprawnych
CB Miasto Bydgoszcz
98%
CT Miasto Toruń
97%
CW Miasto Włocławek
92%
CG Miasto Grudziądz
89%
CBY powiat bydgoski
76%
CIN powiat inowrocławski
73%
CTR powiat toruński
71%
CGR powiat grudziądzki
67%
CWL powiat włocławski
67%
CAL powiat aleksandrowski
65%
CBR powiat brodnicki
65%
CRY powiat rypiński
58%
CCH powiat chełmiński
55%
CNA powiat nakielski
55%
CSW powiat świecki
55%
CTU powiat tucholski
54%
CZN powiat żniński
54%
CGD powiat golubsko-dobrzyński
52%
CLI powiat lipnowski
50%
CMG powiat mogileński
50%
CRA powiat radziejowski
46%
CWA powiat wąbrzeski
42%
CSE powiat sępoleński
38%
Nie znaleziono quizów pasujących do podanych kryteriów
Rozkład punktacji
Procent ludzi z każdym wynikiem
Percentyl według liczby udzielonych odpowiedzi
Twoja historia wyników
Nie rozwiązałeś tego quizu